000 00291 a2200121 4500
001 155762
040 _cEscola São Tomás de Aquino
240 1 0 _aJanelinhas para descobrir
_lpor
245 1 0 _aJanelinhas para descobrir
440 1 _aGirassol
697 _a*LITERATURA INFANTIL
942 _cBK
999 _c155762
_d155762